000 01477cam a2200229 4500
001 ##L131567
008 051116n2005 000 0 eng u
035 _a(Sirsi) u131567
041 0 _aeng
050 0 4 _a333.333 $2 18
110 1 _aUnited Kingdom
_bOffice of the Deputy Prime Minister
245 0 4 _aThe Home Information Pack Regulations 2006 (Draft)
260 _aLondon
_bODPM
_c2005
520 _aThe draft regulations deal with the meaning of home information packs (HIPs), the contents of the packs, the forms for providing HIP information, the assembly and authenticity of HIPs, the exceptions to the duty to have a HIP and the enforcement of HIP duties. The draft regulations should be considered alongside the "Home Information Pack Regulations 2006: procedural guidance". The regulations are being published in draft to provide an opportunity for comments on the drafting, accuracy and practical applications of the provisions. Responses are required by 30 December 2005.
590 _aIKA221105
650 2 4 _aHOUSING ACT 2004
650 2 4 _aHOME INFORMATION PACK REGULATIONS 2006
650 _aHOUSING ACT 2004 PART V
690 _aPROPERTY-RESIDENTIAL PROPERTY-ACQUISITION AND DISPOSAL OF RESIDENTIAL PROPERTY-HOME BUYING REFORM
856 4 0 _uhttps://www.hipsdirect.com/pdf/DraftHomeInformationPackRegulations2006DraftProceduralGuidance.pdf
_zView the draft regulations and the procedural guidance free of charge at www.hipsdirect.com...
942 _n0
999 _c104783
_d104783